00801nam a2200205 a 450000100100000000500170001000800410002704000250006808200180009310000590011124500390017026000420020930000210025165000280027265000320030004900090033295201160034195201210045799900170057800002528420200930023700.0110214s1986 dr 000 0 spa d aDO-SdBNPbspacBNPHU aC861.3bV297p1 aVargas Vila, J.M.,d1860-1933q(José María)95180510aProsas-Laudes /cJ.M. Vargas Vila. aSanto Domingo :bAlfa y Omega,c1986. a239 p. ;c18 cm. 4aProsa colombiana951806 4aLiteratura colombiana91244 aBNPD 0010718PDaPDbPDcCTd2011-02-14iLF1l0oC861.3 V297pp25284-10r2020-06-25w2020-06-25yLFPDZNo se presta 0010718PDaPDbPDcCTd2011-02-14iLF1l0oC861.3 V297pp25284-20r2020-06-25te.2w2020-06-25yLFPDZNo se presta c24777d24777